000 00417nam a2200109Ia 4500
008 160909s9999 xx 000 0 und d
100 _aLomas, Lorraine Marzilli.
245 _aBusiness-to-Business Marketing Perceptions: Customer Knowledge Management and Customer Engagement
260 _bWalden University.
_c2016
650 _aMARKETING MANAGEMENT
856 _uhttp://pqdtopen.proquest.com/doc/1800003501.html?FMT=ABS
999 _c304758
_d304758